Quizzes
Events
Quiz Creation
Community
Videos
Private Events
Remove Ads
Sign In
Join for FREE
Feedback
Dark Mode
Quiz Categories
Sports
Geography
Music
Movies
Television
Just For Fun
Miscellaneous
History
Literature
Language
Science
Gaming
Entertainment
Religion
Holiday
For Kids
Quiz Lab
Recent
Popular Today
Quiz Kudos Today
Editor Picks
Curator Picks
Quizzes by...
Day
Popularity
Type
Ratings
Length
Year
Community
Subscriptions
Recent Discussions
Orange Saloon
Badges
Playlists
Quests
Create
Leaderboards
Showdown
Live 5
Trivia Bingo
Activity
Puzzle Library
Sporcle Events
Private Events
Virtual Trivia
Globe League
Become a Host
Pub Owners
SporcleCon
Opinionation
Our Games
Videos
Blog
Mobile Apps
Partnerships
Remove Ads and Go Orange
Feedback
Science
Computer
Plants
Astronomy
Chemistry
Elements
Math
Animal
Physics
Anatomy
Biology
Geology
General Science
Science
Computer
Plants
Astronomy
Chemistry
Elements
Math
Animal
Physics
Anatomy
Biology
Geology
General Science
Random Quiz
Search Sporcle
×
Quiz Lab
Quiz Lab
Science
Extra
Type in answers that appear in a list
Type in answers that appear in a list
Classic
Best Score? Go Orange.
Coleoptera & Hymenoptera Stats
Can you name the Coleoptera & Hymenoptera?
By
Shuufly
10m
38 Questions
29 Plays
29 Plays
29 Plays
Comments
Comments
Give Quiz Kudos
Give Quiz Kudos
-
- Ratings
hide this ad
Random Order
Randomize order of answers
Randomize order of answers
Replay
Link that replays current quiz
Next Quiz
Link to next quiz in quiz playlist
You Got
0%
They Got
Avg Score
53%
Avg Friend Score
Upgrade to see
Score Distribution
Jump to the score distribution portion of the page
Score
0/38
Timer
10:00
0
Plays Today
Hint
Answer
% Correct
Scarabidae
scarab beetles
89.3%
Formicidae
ants
89.3%
Apidae
honey bees
78.6%
Bombidae
bumblebees
75%
Carabidae
Ground beetles
71.4%
Gyrinidae
Whirligig beetles
71.4%
Lampyridae
fireflies
71.4%
Cerambycidae
Long-horned beetles
67.9%
Staphylinidae
Rove beetles
67.9%
Ciciindellidae
Tiger beetles
64.3%
Buprestidae
jewel beetles
64.3%
Coccinellidae
Lady beetles
64.3%
Cucurilionidae
weevils
64.3%
Hydrophilidae
water scavenger beetles
64.3%
Lucanidae
Stag beetles
64.3%
Passalidae
bess beetles
64.3%
Tenebrionidae
darkling beetles
64.3%
Cantharidae
soldier beetles
60.7%
Elateridae
Click beetles
60.7%
Hint
Answer
% Correct
Spechidae
thread-waisted wasps
60.7%
Xylocopidae
carpenter bees
60.7%
Chrysomalidae
Leaf beetles
59.1%
Dermestidae
carpet beetles
57.1%
Lycidae
net-winged beetles
53.6%
Braconidae
braconid wasps
53.6%
Halictidae
sweat bees
53.6%
Multillidae
velvet ants
53.6%
Pompilidae
spider wasps
53.6%
Dytiscidae
Predaceous diving beetles
50%
Cleridae
Checkered beetles
50%
Siricidae
horntails
50%
Diprionidae
sawflies
46.4%
Ichneumonidae
ichneumon wasps
46.4%
Chrysisidae
cuckoo wasps
46.4%
Scoliidae
flower wasps
46.4%
Chalcididae
chalcid wasps
42.9%
Silphidae
Sexton beetles
35.7%
Vespidae
paper and potter wasps, hornets
35.7%
Quiz Playlist
Details
Report
Send in Message
Add To Playlist
Classic:
Type in answers that appear in a list
Random Order:
Randomize order of answers
Last Updated: Feb 16, 2017
Quiz Scoreboard
CHALLENGE
Sign Up to Join the Scoreboard
Show All
Scores
Hide
Comments
May contain spoilers
Recently Published
One Thing in Common: World Cities II
by knightlancer
Geography
7m
Popular People in 1961
by mucciniale
History
6m
1-10 Letter E Words III
by El_Dandy
Language
2m
More to Explore
Quiz From the Vault
Featured Blog Post
Where Did the Easter Bunny Come From?
hide this ad
You Might Also Like...
Tags
Extra
Today's Top Quizzes in Science
Browse Science
hide this ad
Today's Top Quizzes in Extra
Browse Extra
Top Contributed Quizzes in Science
1
One Thing in Common: Science
2
One Thing in Common: Science III
3
Quick Pick: Radians
4
Sporcle Puzzle Hunt: Science
5
Quick Pick: 'CI-CJ' Animals
6
One Thing in Common: Science II
7
Square Numbers Scrambled (1-50)
8
Elements In Images
9
Click the Parts of an Plant Cell
10
Glycolysis
Explore More
Trending Topics
Crossword
Kpop
Marvel
Disney
Harry Potter
Anime
NBA
Puzzle
Soccer
Pokémon
Country
The Office
WWE
Song
NFL
hide this ad
More By:
Shuufly
Quiz
Plays
Rating
Category
Featured
Created
Insect orders & families
189
Science
Dec 7, 2011
Insect families
49
1.00
Science
Oct 26, 2011
Homoptera/Hemiptera/Neuroptera Families
43
Science
Nov 9, 2011
Coleoptera & Hymenoptera
29
Science
Nov 29, 2011
Lepidoptera & Diptera
27
Science
Nov 16, 2011
Go to Creator's Profile
Score Distribution
Quiz Creator Spotlight
Shuufly
Follow
Send a Message
Quizzes Created
-
Created Quiz Play Count
-
More By This Creator
Popular Quizzes Today
1
Find the US States - No Outlines Minefield
2
Find the Countries of Europe - No Outlines Minefield
3
The Countries of the World
4
Popular People in 1961
5
1-10 Letter E Words III
6
Find the US States
7
One Thing in Common: World Cities II
8
US States
More Science Quizzes
Find the River Animals II
Quiz Lab
Trending Quizzes
Risky Map Clicking: Least Populous States A-Z
1-10 Letter F Words
1-10 Letter G Words
One Thing in Common: United Kingdom
Risky Map Clicking: Biggest States A-Z
Recently Updated
Leaping Animals
pecheneg
Reality TV Shows (A-Z)
bhenderson79
Rickey Henderson's Hall of Fame Teammates
pecheneg
Champions League XIs: Arsenal
pecheneg
Quick Pick: Celebrities in WWE's Hall of Fame
aduchscher
A-Z Keypad Blitz II
pecheneg
Multiple Oscar Actors
pecheneg
Mystery Phrase Blitz: Oscar 'Best Actors'
pecheneg
F. Scott Fitzgerald Novels
LTH
Pick 3 Villains
ddd62291
Trending Topics
Crossword
Anime
NBA
Harry Potter
Disney
Kpop
Marvel
Puzzle
NFL
WWE
Soccer
Country
The Office
Song
Pokémon
Your Account Isn't Verified!
In order to create a playlist on Sporcle, you need to verify the email address you used during registration. Go to your
Sporcle Settings
to finish the process.
Report this User
Report this user for behavior that violates our
Community Guidelines
.
Details:
Send Report
Go to the Sporcle.com Mobile Site →
Comments